| 000 | 00000nam##2200000za#4500 |
| 001 | 9.577183 |
| 003 | CaOODSP |
| 005 | 20210624185506 |
| 007 | cr ||||||||||| |
| 008 | 150406|1999||||xxc|||||o f|0| 0 eng|d |
| 040 | |aCaOODSP|beng |
| 043 | |an-cn--- |
| 086 | 1 |aEn133-5/8-1999E-PDF |
| 110 | 2 |aNational Round Table on the Environment and the Economy (Canada) |
| 245 | 10|aPotential of including non-combustion sources of GHG emissions in a domestic emissions trading program / |h[electronic resource]|cPrepared by Cheminfo Services Inc. |
| 260 | |aOttawa - Ontario : |bNational Round Table on the Environment and the Economy |cJanuary 1999. |
| 300 | |a83p.|breferences, tables |
| 490 | 1 |aDomestic greenhouse gas emissions trading technical paper series |
| 500 | |a"The purpose of this paper is to assess the types of domestic GHG emissions trading programs suitable for various non-combustion sources of GHG emissions... The 15 emission source areas addressed in the paper represent approximately 99% of the GHG emissions attributed to non-combustion sources in Environment Canada's 1995 Greenhouse Gas Inventory."--Introduction. |
| 520 | 3 |aThe purpose of this paper is to assess the types of domestic GHG emissions trading programs suitable for various non-combustion sources of GHG emissions... The 15 emission source areas addressed in the paper represent approximately 99% of the GHG emissions attributed to non-combustion sources in Environment Canada's 1995 Greenhouse Gas Inventory.--Introduction |
| 590 | |a13-19-Supp|b2013-08-14 |
| 690 | 07|aEnvironment|2gcpds |
| 690 | 07|aPollution control|2gcpds |
| 690 | 07|aGlobal warming|2gcpds |
| 775 | 08|tPossibilité d'ajouter à un programme national d'échange de droits d'émission des sources d'émissions de GES qui ne proviennent pas de la combustion / |w(CaOODSP)9.605993 |
| 776 | 0#|tPotential of including non-combustion sources of GHG emissions in a domestic emissions trading program / |w(CaOODSP)9.615222 |
| 830 | #0|aDomestic greenhouse gas emissions trading technical paper series.|w(CaOODSP)9.507556 |
| 856 | 40|ahttp://publications.gc.ca|qPDF|s8494 KB|uhttps://publications.gc.ca/collections/collection_2013/trnee-nrtee/En133-5-8-1999-eng.pdf |